|
|
|
|
| LEADER |
00879nam a22002537a 4500 |
| 001 |
AAL1289 |
| 003 |
BD-DhAAL |
| 005 |
20160116180753.0 |
| 008 |
160116m19961993ii a|||| |||| 00| 0 eng d |
| 020 |
|
|
|a 8173590974
|
| 040 |
|
|
|a BD-DhAAL
|c BD-DhAAL
|
| 082 |
|
|
|a 658.3/155
|
| 100 |
|
|
|a Morris, Sue
|9 17407
|
| 245 |
|
|
|a Discipline, grievance and dismissal :
|b a manager's pocket guide /
|c Sue Morris
|
| 260 |
|
|
|a New Delhi :
|b Sterling Publishers,
|c 1993.
|
| 300 |
|
|
|a 118 p. :
|b ill. ;
|c 22 cm.
|
| 490 |
|
|
|a SIT-Management series.
|
| 541 |
|
|
|e 1289
|
| 650 |
|
|
|a Grievance procedures.
|9 17408
|
| 650 |
|
|
|a Discipline.
|9 17409
|
| 650 |
|
|
|a Employees
|x Dismissal of.
|9 17410
|
| 942 |
|
|
|2 ddc
|c BK
|
| 999 |
|
|
|c 36629
|d 36629
|
| 952 |
|
|
|0 0
|1 0
|2 ddc
|4 0
|6 658_300000000000000_155_MOR
|7 0
|9 57623
|a SCL
|b SCL
|c GEN
|d 2016-01-16
|l 1
|m 1
|o 658.3155 MOR
|p 3020001289
|r 2018-12-05
|s 2018-11-22
|t 1
|w 2016-01-16
|y BK
|